El mundo físico /

Guardado en:
Autor Principal: Guillemin, Amadeo
Formato: Libro
Publicado: España : Montaner, 1882
Materias:
Etiquetas: Agregar Etiqueta
Sin Etiquetas, Sea el primero en etiquetar este registro!
LEADER 00423nam a22001575a 4500
001 CEM.cems003074
005 19000101000000.0
008 130507s1882##################000#0#####d
003 CEMS
082 0 4 |a 530 
100 1 |a Guillemin, Amadeo 
245 1 0 |a El mundo físico /  |c Amadeo Guillemin 
260 |a España :  |b Montaner,  |c 1882 
300 |a 5 v. 
653 |a Fisica 
859 |a CEMS  |b BIB. CEMS - 11 de abril  |h 530  |i G945/III  |p 10661.81  |t Ej.1